S1-> Częstochowa - Statystyki

Ogólne statystyki
  • Ten quiz został rozwiązany 44 razy
  • Średni wynik to 17 z 32
Statystyki odpowiedzi
Nr Stacja % Poprawnych
32. Częstochowa
94%
1. Gliwice
89%
8. Katowice
89%
25. Myszków
83%
21. Zawiercie
83%
31. Częstochowa Raków
81%
29. Poraj
78%
2. Zabrze
69%
14. Dąbrowa Górnicza
67%
30. Korwinów
64%
11. Sosnowiec Główny
56%
9. Katowice Zawodzie
50%
20. Łazy
50%
27. Żarki Letnisko
50%
12. Będzin Miasto
47%
10. Katowice Szopienice Południowe
47%
3. Ruda Śląska
47%
6. Chorzów Batory
44%
28. Masłońskie Natalin
44%
22. Zawiercie Borowe Pole
44%
16. Dąbrowa Górnicza Ząbkowice
42%
13. Będzin Ksawera
39%
18. Chruszczobród
39%
23. Myszków Mrzygłód
39%
7. Katowice Załęże
36%
26. Myszków Nowa Wieś
36%
4. Ruda Chebzie
36%
5. Świętochłowice
36%
15. Dąbrowa Górnicza Gołonóg
33%
17. Dąbrowa Górnicza Sikorka
31%
24. Myszków Światowit
28%
19. Wiesiółka
28%
Nie znaleziono quizów pasujących do podanych kryteriów
Rozkład punktacji
Procent ludzi z każdym wynikiem
Percentyl według liczby udzielonych odpowiedzi
Twoja historia wyników
Nie rozwiązałeś tego quizu